|
|
|
|
| LEADER |
00000nam a2200000 a 4500 |
| 001 |
UCG6372 |
| 003 |
CL-VaPUC |
| 008 |
110421e19220000CL |||||||||||||||||spa|d |
| 082 |
0 |
4 |
|a 983
|b PUB
|2 21
|
| 245 |
1 |
0 |
|a Publicaciones del Museo de Etnología y Antropología de Chile
|
| 300 |
|
|
|a 868 p
|
| 942 |
|
|
|c BK
|
| 945 |
|
|
|d 20110421 00:00:00
|a jcampos
|
| 260 |
|
|
|a Santiago
|b Cervantes
|c 1922
|
| 500 |
|
|
|a t.3: Números 1-4
|
| 650 |
|
0 |
|a Antropología cultural y social
|9 265143
|
| 650 |
|
0 |
|a Etnología
|9 258726
|
| 650 |
|
0 |
|a Arqueología
|9 265619
|
| 650 |
|
0 |
|a Flora y fauna
|9 338564
|
| 650 |
|
0 |
|a Vida social
|9 337244
|
| 650 |
|
0 |
|a Religión
|9 255164
|
| 650 |
|
7 |
|a TOTEMISMO
|2 CL-VaPUC
|9 266738
|
| 650 |
|
0 |
|a Arqueología
|9 265619
|
| 650 |
|
0 |
|a Agricultura
|9 255598
|
| 650 |
|
0 |
|a Familias
|9 255641
|
| 650 |
|
7 |
|a MATRIMONIO
|2 CL-VaPUC
|9 556533
|
| 650 |
|
7 |
|a MAGIA
|2 CL-VaPUC
|9 319651
|
| 650 |
|
0 |
|a Brujería
|9 335555
|
| 650 |
|
0 |
|a Mitología
|9 255719
|
| 651 |
|
7 |
|a CHILE
|2 CL-VaPUC
|9 556534
|
| 651 |
|
0 |
|a Isla de Pascua
|9 261357
|
| 583 |
|
|
|a last modification
|c 20110421 00:00:00
|k Rodrigo Vera
|
| 999 |
|
|
|c 344628
|d 344626
|
| 952 |
|
|
|0 0
|1 0
|4 0
|6 983_000000000000000_PUB_1922
|7 0
|8 X
|9 442700
|a FDOBUD
|b FDOBUD
|d 2019-11-22
|h t.3
|i 4748999
|o 983 PUB 1922
|p 4748999
|r 2019-11-22
|w 2019-11-22
|y BK_X
|k BUD
|